[Event "Aragon-chT Honor Descenso"]
[Site "Aragon"]
[Date "2014.03.29"]
[Round "10.26"]
[White "Mimbela Lopez, Miguel Angel"]
[Black "Baron Rodriguez, Jorge"]
[Result "0-1"]
[WhiteElo "2173"]
[BlackElo "2276"]
[PlyCount "114"]
[EventDate "2014.01.25"]
[EventType "team-tourn"]
[EventRounds "11"]
[EventCountry "ESP"]
[SourceTitle "EXT 2015"]
[Source "ChessBase"]
[SourceDate "2014.11.20"]
[SourceVersion "1"]
[SourceVersionDate "2014.11.20"]
[SourceQuality "1"]
[WhiteTeam "Agrupacion"]
[BlackTeam "IberCaja"]
[WhiteTeamCountry "ESP"]
[BlackTeamCountry "ESP"]

1. d4 d5 2. c4 e6 3. Nc3 Nf6 4. cxd5 exd5 5. Bg5 Be7 6. e3 0-0 7. Qc2 c6 8. Bd3 Nbd7 9. Nge2 Re8 10. 0-0-0 Ne4 11. Bxe4 dxe4 12. Bf4 Nf6 13. Nxe4 Nxe4 14. Qxe4 Be6 15. Nc3 Qa5 16. Qc2 b5 17. Kb1 b4 18. Na4 Qd5 19. Nc5 Bxc5 20. Qxc5 Qxa2+ 21. Kc1 a5 22. Qc2 Bb3 23. Qb1 Qxb1+ 24. Kxb1 Bxd1 25. Rxd1 f6 26. Rc1 Ra6 27. Rc5 Rd8 28. Kc2 Rd5 29. Rc4 Rb5 30. Bd6 Kf7 31. Kd3 Rg5 32. g3 Ke6 33. Bf8 Ra8 34. Bc5 Rh5 35. h4 g5 36. hxg5 fxg5 37. Bb6 Kd7 38. e4 Ra6 39. Bc5 Rh1 40. Rc2 Ra8 41. Re2 h5 42. e5 Ke6 43. f4 Rf1 44. Ke4 Rg8 45. Rh2 Re1+ 46. Kf3 g4+ 47. Kf2 Rb1 48. Ke3 Rh8 49. Kd3 Rh7 50. Re2 Rf7 51. Ke4 Rg1 52. Rd2 Re1+ 53. Kd3 h4 54. gxh4 Rxf4 55. Rg2 Rh1 56. Ke3 Rf3+ 57. Ke2 Rxh4 0-1

[Event "Aragon-chT Honor GrA"]
[Site "Aragon"]
[Date "2014.01.25"]
[Round "1.10"]
[White "Dominguez Bujeda, Jesus"]
[Black "Baron Rodriguez, Jorge"]
[Result "1/2-1/2"]
[WhiteElo "2171"]
[BlackElo "2276"]
[PlyCount "65"]
[EventDate "2014.01.25"]
[EventType "team-tourn"]
[EventRounds "7"]
[EventCountry "ESP"]
[SourceTitle "EXT 2015"]
[Source "ChessBase"]
[SourceDate "2014.11.20"]
[SourceVersion "1"]
[SourceVersionDate "2014.11.20"]
[SourceQuality "1"]
[WhiteTeam "Teruel"]
[BlackTeam "IberCaja"]
[WhiteTeamCountry "ESP"]
[BlackTeamCountry "ESP"]

1. d4 Nf6 2. c4 g6 3. Nc3 Bg7 4. e4 d6 5. f3 0-0 6. Bg5 c5 7. d5 e6 8. Qd2 exd5 9. cxd5 a6 10. a4 Nbd7 11. Nh3 Rb8 12. Be2 c4 13. Nf2 b5 14. 0-0 Nc5 15. Bd1 Bd7 16. axb5 axb5 17. Ne2 Qc7 18. Rc1 Ra8 19. b4 cxb3 20. Bxb3 Qb7 21. Qb4 Rfe8 22. Nc3 Qb6 23. Be3 Qa5 24. Bxc5 dxc5 25. Qxc5 Qa3 26. Qxa3 Rxa3 27. Rb1 Nh5 28. Ne2 Bh6 29. Rfd1 Be3 30. Nd4 Raa8 31. Rd3 Bh6 32. g3 f5 33. Ne6 1/2-1/2

[Event "Aragon-chT Honor GrB "]
[Site "Aragon"]
[Date "2012.02.18"]
[Round "3.23"]
[White "Garcia Vicente, Nieves"]
[Black "Baron Rodriguez, Jorge"]
[Result "0-1"]
[WhiteElo "2198"]
[BlackElo "2283"]
[PlyCount "110"]
[EventDate "2012.02.04"]
[EventType "team-tourn"]
[EventRounds "7"]
[EventCountry "ESP"]
[SourceTitle "EXT 2014"]
[Source "ChessBase"]
[SourceDate "2013.11.20"]
[SourceVersion "1"]
[SourceVersionDate "2013.11.20"]
[SourceQuality "1"]
[WhiteTeam "Actur Rey Fernando"]
[BlackTeam "IberCaja"]
[WhiteTeamCountry "ESP"]
[BlackTeamCountry "ESP"]

1. d4 Nf6 2. c4 g6 3. Nc3 Bg7 4. Nf3 0-0 5. Bf4 d6 6. h3 Nc6 7. e3 Nd7 8. Be2 e5 9. Bg3 f5 10. Bh4 Bf6 11. Bxf6 Nxf6 12. Qd2 Ne4 13. Qc2 exd4 14. exd4 Ng5 15. 0-0-0 f4 16. Nxg5 Qxg5 17. Bf3 Qa5 18. Qa4 Qxa4 19. Nxa4 Bf5 20. Bxc6 bxc6 21. Rhe1 Rfe8 22. Kd2 Kf7 23. b3 h5 24. f3 Kf6 25. Nc3 a5 26. Ne2 Kg5 27. Rh1 a4 28. h4+ Kf6 29. Nc1 g5 30. hxg5+ Kxg5 31. Rde1 axb3 32. axb3 Bg6 33. Rxe8 Rxe8 34. Re1 Rg8 35. Re7 Kf6 36. Re2 c5 37. dxc5 dxc5 38. Kc3 Rd8 39. Rd2 Rxd2 40. Kxd2 Kg5 41. Kc3 Be8 42. Kd2 Kh4 43. Ne2 Kg5 44. Nc3 Bc6 45. Kd3 Kf5 46. Ne2 Ke5 47. Nc3 h4 48. Na4 Bxf3 49. Nxc5 Bxg2 50. Ke2 h3 51. Kf2 Be4 52. Kg1 f3 53. Nd7+ Kf4 54. Nf6 Bc6 55. Kf2 Kg5 0-1

[Event "Aragon-chT Honor Titulo"]
[Site "Spain"]
[Date "2011.04.02"]
[Round "9.2"]
[White "Guzman Moneo, Alberto"]
[Black "Baron Rodriguez, Jorge"]
[Result "0-1"]
[WhiteElo "2170"]
[BlackElo "2272"]
[PlyCount "168"]
[EventDate "2011.03.26"]
[EventType "team-tourn"]
[EventRounds "11"]
[EventCountry "ESP"]
[SourceTitle "EXT 2013"]
[Source "ChessBase"]
[SourceDate "2012.11.22"]
[SourceVersion "1"]
[SourceVersionDate "2012.11.22"]
[SourceQuality "1"]
[WhiteTeam "Shatranj"]
[BlackTeam "IberCaja"]
[WhiteTeamCountry "ESP"]
[BlackTeamCountry "ESP"]

1. e4 c5 2. Nc3 Nc6 3. f4 e6 4. Nf3 a6 5. g3 d5 6. d3 Nf6 7. Qe2 Nd4 8. Nxd4 cxd4 9. Nd1 dxe4 10. dxe4 Bd7 11. Nf2 Bb4+ 12. Bd2 Qb6 13. 0-0-0 Rc8 14. Bxb4 Qxb4 15. Qd2 Qa4 16. Kb1 0-0 17. b3 Qc6 18. Bg2 Rfd8 19. e5 Qxg2 20. exf6 gxf6 21. Qxd4 Bc6 22. Qe3 Qf3 23. Qb6 Rxd1+ 24. Rxd1 Qe2 25. Rd8+ Rxd8 26. Qxd8+ Kg7 27. Qd4 e5 28. fxe5 fxe5 29. Qc5 f6 30. g4 Kg6 31. h4 h5 32. g5 fxg5 33. Qd6+ Kf7 34. Nd3 Qf1+ 35. Kb2 Qf6 36. Nxe5+ Kg7 37. Qc7+ Kh6 38. hxg5+ Kxg5 39. Ka3 Be4 40. Nf7+ Kg4 41. Ne5+ Kf5 42. Nc4 Kg4 43. Qh2 Qf4 44. Qe2+ Kg5 45. Nd2 Bc6 46. Qe7+ Kg4 47. Qe2+ Kh4 48. Qe7+ Kh3 49. Qe6+ Qg4 50. Qe3+ Kg2 51. Nc4 h4 52. Qd2+ Kh3 53. Ne5 Qg2 54. Qc3+ Qg3 55. Nd3 Kh2 56. Qd2+ Bg2 57. Nf4 h3 58. Ne2 Qe5 59. Nd4 Qe4 60. Ne2 Qe7+ 61. b4 Qe5 62. c3 a5 63. Nd4 Kg3 64. Qd3+ Kg4 65. Qd1+ Kh4 66. Qg1 axb4+ 67. cxb4 Qg3+ 68. Nb3 h2 69. Qd4+ Qg4 70. Qh8+ Kg3 71. Qe5+ Qf4 72. Qe1+ Kh3 73. Qe6+ Kh4 74. Qe1+ Kg4 75. Qe6+ Kf3 76. Qe1 h1Q 77. Nd2+ Kg4 78. Qe6+ Qf5 79. Qg8+ Kf4 80. Qb8+ Ke3 81. Nb3 Qhh3 82. Qa7+ Ke2 83. Qd4 Qe3 84. Qd6 Qfe5 0-1

[Event "Aragon-chT Honor I"]
[Site "Spain"]
[Date "2011.02.19"]
[Round "3.7"]
[White "Delgado Salcedo, Eduardo"]
[Black "Baron Rodriguez, Jorge"]
[Result "1/2-1/2"]
[WhiteElo "2179"]
[BlackElo "2272"]
[PlyCount "142"]
[EventDate "2011.02.05"]
[EventType "team-tourn"]
[EventRounds "7"]
[EventCountry "ESP"]
[SourceTitle "EXT 2013"]
[Source "ChessBase"]
[SourceDate "2012.11.22"]
[SourceVersion "1"]
[SourceVersionDate "2012.11.22"]
[SourceQuality "1"]
[WhiteTeam "Agrupacion"]
[BlackTeam "IberCaja"]
[WhiteTeamCountry "ESP"]
[BlackTeamCountry "ESP"]

1. d4 Nf6 2. c4 g6 3. Nc3 d5 4. Nf3 Bg7 5. h3 0-0 6. Bf4 dxc4 7. e4 c5 8. d5 e6 9. d6 Qa5 10. Nd2 Qb4 11. Bxc4 Nc6 12. Rb1 a6 13. a3 Qa5 14. Nb3 Qb6 15. Be3 Na5 16. Nxa5 Qxa5 17. b4 cxb4 18. axb4 Qe5 19. Bd4 Qg5 20. 0-0 e5 21. Be3 Qh4 22. Qf3 Bd7 23. Bd5 Rac8 24. Bc5 Nxd5 25. Nxd5 Kh8 26. Ne7 Rb8 27. Ba7 Ra8 28. Bb6 f5 29. Rbc1 Bb5 30. exf5 gxf5 31. Nxf5 Qg5 32. g4 Bd7 33. Qg3 Bxf5 34. gxf5 Qxf5 35. Qg4 Qd3 36. Rfd1 Qb5 37. Be3 Rg8 38. Kh2 e4 39. Qxe4 Rae8 40. Qd5 Be5+ 41. Kh1 Qe2 42. d7 Qh5 43. Qg2 Rxg2 44. dxe8Q+ Qxe8 45. Kxg2 Kg7 46. Bd4 Qg6+ 47. Kf1 Qf5 48. Bxe5+ Qxe5 49. Rd7+ Kg6 50. Rxb7 Qh2 51. Rb6+ Kf5 52. Rc5+ Ke4 53. Re6+ Kd4 54. Re3 Qh1+ 55. Ke2 Qb1 56. Rg5 Qc2+ 57. Kf1 Qc4+ 58. Kg1 Qc1+ 59. Kh2 Qc7+ 60. Kg1 Qc1+ 61. Kg2 Qc6+ 62. Kg1 Qc1+ 63. Kg2 Qc6+ 64. Kf1 Qc1+ 65. Ke2 Qc4+ 66. Kf3 Qf1 67. Rg4+ Kd5 68. Rg5+ Kc4 69. Rg4+ Kd5 70. Rg5+ Kc4 71. Rg4+ Kd5 1/2-1/2

[Event "Aragon-chT"]
[Site "Aragon"]
[Date "2009.02.28"]
[Round "5"]
[White "Cantin Zaborras, Valentin"]
[Black "Baron Rodriguez, Jorge"]
[Result "0-1"]
[WhiteElo "2117"]
[BlackElo "2346"]
[PlyCount "92"]
[EventDate "2009.01.24"]
[EventType "team-swiss"]
[EventRounds "9"]
[EventCountry "ESP"]
[SourceTitle "EXT 2011"]
[Source "ChessBase"]
[SourceDate "2010.11.26"]
[SourceVersion "1"]
[SourceVersionDate "2010.11.26"]
[SourceQuality "1"]

1. e4 c5 2. Nf3 d6 3. d4 cxd4 4. Nxd4 Nf6 5. Nc3 a6 6. f4 e5 7. Nf3 Nbd7 8. Bd3 Be7 9. a4 0-0 10. 0-0 Nc5 11. Kh1 exf4 12. Bxf4 Bg4 13. Qd2 Rc8 14. Rae1 Re8 15. Nd4 Qb6 16. b3 Ncd7 17. Bc4 Ne5 18. Bd5 Qc5 19. Re3 Ng6 20. Rd3 Rc7 21. h3 Bc8 22. Bh2 Ne5 23. Re3 Bd8 24. Bg1 Qb4 25. Rd1 Rc5 26. Nf5 Bxf5 27. exf5 Nxd5 28. Nxd5 Qxd2 29. Rxd2 Bg5 30. Rg3 Bxd2 31. Nf6+ Kf8 32. Bxc5 Rd8 33. Nxh7+ Kg8 34. f6 Kxh7 35. Rxg7+ Kh8 36. Bd4 Nc6 37. Bf2 Ne5 38. Bg3 Bh6 39. Bxe5 dxe5 40. Rxf7 Bf4 41. g4 Rd6 42. h4 Rd2 43. g5 Rh2+ 44. Kg1 Rxh4 45. Rxb7 Rg4+ 46. Kf2 Rxg5 0-1

[Event "Aragon-chT"]
[Site "Aragon"]
[Date "2009.01.31"]
[Round "2"]
[White "Baron Rodriguez, Jorge"]
[Black "Navarro Alonso, Jorge Luis"]
[Result "0-1"]
[WhiteElo "2346"]
[BlackElo "2176"]
[PlyCount "92"]
[EventDate "2009.01.24"]
[EventType "team-swiss"]
[EventRounds "9"]
[EventCountry "ESP"]
[SourceTitle "EXT 2011"]
[Source "ChessBase"]
[SourceDate "2010.11.26"]
[SourceVersion "1"]
[SourceVersionDate "2010.11.26"]
[SourceQuality "1"]

1. e4 c5 2. Nf3 e6 3. d4 cxd4 4. Nxd4 Nc6 5. Nc3 a6 6. Be2 Qc7 7. 0-0 Nf6 8. Be3 b5 9. Nxc6 dxc6 10. Bf3 Bb7 11. a4 Bd6 12. g3 0-0 13. Bg2 b4 14. Nb1 c5 15. Nd2 Rfd8 16. Qe2 a5 17. Rfd1 Ba6 18. Qe1 Be5 19. Rab1 Ng4 20. Nb3 Nxe3 21. Qxe3 Bd4 22. Qg5 h6 23. Qh5 g6 24. Qxh6 Bxb2 25. Qg5 Bd4 26. h4 Kg7 27. h5 Be2 28. Rd2 Bxh5 29. Nxd4 Rxd4 30. Rxd4 cxd4 31. e5 Rc8 32. Be4 Qd8 33. Qd2 Rc5 34. Qd3 Rxe5 35. Bg2 Be2 36. Qd2 d3 37. Re1 Rc5 38. cxd3 Bh5 39. d4 Rc3 40. d5 exd5 41. Re5 d4 42. Bd5 Qf6 43. Qxd4 Bf3 44. Bxf3 Rxf3 45. Rd5 Qxd4 46. Rxd4 Ra3 0-1

[Event "Autonomico-chT"]
[Site "Aragon"]
[Date "2005.04.09"]
[Round "10.15"]
[White "Baron Rodriguez, Jorge"]
[Black "Martin Catalan, Juan Vicente"]
[Result "1/2-1/2"]
[WhiteElo "2353"]
[BlackElo "2109"]
[PlyCount "91"]
[EventDate "2005.01.22"]
[EventType "team"]
[EventRounds "12"]
[EventCountry "ESP"]
[SourceTitle "EXT 2006"]
[Source "ChessBase"]
[SourceDate "2005.11.24"]
[SourceVersion "1"]
[SourceVersionDate "2005.11.24"]
[SourceQuality "1"]

1. d4 Nf6 2. c4 c5 3. Nf3 g6 4. Nc3 cxd4 5. Nxd4 Nc6 6. g3 Bg7 7. Bg2 Nxd4 8. Qxd4 0-0 9. 0-0 d6 10. h3 Qa5 11. Qd3 a6 12. Bd2 Rb8 13. Rfc1 Bf5 14. e4 Be6 15. Rab1 Rfc8 16. Nd5 Qd8 17. Nf4 Bd7 18. Be3 Bc6 19. f3 Nd7 20. b3 Ne5 21. Qd2 Bd7 22. Kh2 Bc6 23. Nd5 Nd7 24. Bg5 Bxd5 25. cxd5 Bf6 26. Be3 Rxc1 27. Rxc1 Rc8 28. Rc2 Kf8 29. Qc1 Rxc2 30. Qxc2 Ke8 31. b4 Qb8 32. Bf1 Kd8 33. b5 axb5 34. Bxb5 Qc7 35. Qxc7+ Kxc7 36. Kg2 Bc3 37. Kf2 Kd8 38. Ke2 Nc5 39. g4 Bf6 40. Kf2 Bc3 41. Bg5 f6 42. Be3 g5 43. Kg2 h6 44. Bf2 Be5 45. h4 Kc7 46. hxg5 1/2-1/2

[Event "Autonomico-chT"]
[Site "Aragon"]
[Date "2005.04.02"]
[Round "9.11"]
[White "Baron Rodriguez, Jorge"]
[Black "Echarte Buil, Oscar"]
[Result "1-0"]
[WhiteElo "2353"]
[BlackElo "2166"]
[PlyCount "59"]
[EventDate "2005.01.22"]
[EventType "team"]
[EventRounds "12"]
[EventCountry "ESP"]
[SourceTitle "EXT 2006"]
[Source "ChessBase"]
[SourceDate "2005.11.24"]
[SourceVersion "1"]
[SourceVersionDate "2005.11.24"]
[SourceQuality "1"]

1. d4 Nf6 2. Nf3 e6 3. c4 Bb4+ 4. Nbd2 d5 5. a3 Bxd2+ 6. Bxd2 Ne4 7. Bf4 g5 8. Bc1 Qf6 9. Be3 c6 10. g3 h5 11. h4 g4 12. Nd2 Nxd2 13. Qxd2 dxc4 14. Qb4 Qf5 15. Bg2 Qb5 16. Qd6 Qa5+ 17. Bd2 Qd8 18. Qf4 Nd7 19. 0-0 Qf6 20. Qe3 Nb6 21. Qc3 Qg7 22. f3 Bd7 23. fxg4 Qxg4 24. Bg5 Nd5 25. Bxd5 cxd5 26. Rf4 Qh3 27. Rf3 f5 28. Raf1 Rg8 29. Rxf5 Rxg5 30. Rf8+ 1-0

[Event "Autonomico-chT"]
[Site "Aragon"]
[Date "2005.03.19"]
[Round "8.11"]
[White "Martin Catalan, Juan Vicente"]
[Black "Baron Rodriguez, Jorge"]
[Result "1-0"]
[WhiteElo "2109"]
[BlackElo "2353"]
[PlyCount "99"]
[EventDate "2005.01.22"]
[EventType "team"]
[EventRounds "12"]
[EventCountry "ESP"]
[SourceTitle "EXT 2006"]
[Source "ChessBase"]
[SourceDate "2005.11.24"]
[SourceVersion "1"]
[SourceVersionDate "2005.11.24"]
[SourceQuality "1"]

1. d4 f5 2. g3 Nf6 3. Bg2 g6 4. b3 Bg7 5. Bb2 0-0 6. Nf3 d6 7. 0-0 h6 8. Nbd2 Nc6 9. Nc4 Be6 10. Nfd2 Bf7 11. a4 Qd7 12. e4 fxe4 13. Nxe4 Nxe4 14. Bxe4 d5 15. Ne5 Nxe5 16. dxe5 Rad8 17. Bg2 d4 18. Bxb7 c6 19. Ba6 Bxe5 20. Re1 Bf6 21. Bd3 Kg7 22. Qe2 h5 23. h4 e5 24. Qe4 Qe8 25. Ba3 Rh8 26. Rad1 Be6 27. Bc1 Rd5 28. Qe2 Rf8 29. Qd2 Rh8 30. Qe2 Bd8 31. Bc4 Bc7 32. Bxd5 cxd5 33. Rxd4 Qf7 34. Rf4 Bf5 35. Bb2 Re8 36. Rxf5 Qxf5 37. f4 Kh7 38. Bxe5 Ba5 39. Rd1 Qh3 40. Qg2 Qg4 41. Rxd5 Bc7 42. Kh2 Bd8 43. Qf2 Bb6 44. Qd2 Re7 45. a5 Bc7 46. Qd1 Qe6 47. Qd3 a6 48. c4 Qf7 49. Bxc7 Rxc7 50. Rxh5+ 1-0

[Event "Autonomico-chT"]
[Site "Aragon"]
[Date "2005.03.12"]
[Round "7.11"]
[White "Galvez Perez, Jose Luis"]
[Black "Baron Rodriguez, Jorge"]
[Result "0-1"]
[WhiteElo "2145"]
[BlackElo "2353"]
[PlyCount "64"]
[EventDate "2005.01.22"]
[EventType "team"]
[EventRounds "12"]
[EventCountry "ESP"]
[SourceTitle "EXT 2006"]
[Source "ChessBase"]
[SourceDate "2005.11.24"]
[SourceVersion "1"]
[SourceVersionDate "2005.11.24"]
[SourceQuality "1"]

1. Nf3 f5 2. g3 Nf6 3. Bg2 g6 4. 0-0 Bg7 5. c4 d6 6. Nc3 0-0 7. d4 Nc6 8. d5 Na5 9. Nd2 c5 10. Qc2 a6 11. b3 Rb8 12. a4 e5 13. dxe6 Bxe6 14. Bb2 Nc6 15. Rad1 Qd7 16. e3 g5 17. Nf3 h6 18. h4 g4 19. Ne1 f4 20. gxf4 Ne7 21. Ne4 Bf5 22. Nxf6+ Bxf6 23. e4 Bh7 24. Bxf6 Rxf6 25. f5 Rbf8 26. Qd2 Bxf5 27. exf5 Nxf5 28. Qd5+ Kh8 29. h5 Qe8 30. Nd3 Nd4 31. Nc1 Nf3+ 32. Bxf3 gxf3 0-1

[Event "Autonomico-chT"]
[Site "Aragon"]
[Date "2005.02.26"]
[Round "5.3"]
[White "Lopez Gracia, Fernando"]
[Black "Baron Rodriguez, Jorge"]
[Result "1-0"]
[WhiteElo "2349"]
[BlackElo "2353"]
[PlyCount "59"]
[EventDate "2005.01.22"]
[EventType "team"]
[EventRounds "12"]
[EventCountry "ESP"]
[SourceTitle "EXT 2006"]
[Source "ChessBase"]
[SourceDate "2005.11.24"]
[SourceVersion "1"]
[SourceVersionDate "2005.11.24"]
[SourceQuality "1"]

1. e4 c5 2. Nf3 d6 3. d4 cxd4 4. Nxd4 Nf6 5. Nc3 Nc6 6. Bg5 e6 7. Qd2 a6 8. 0-0-0 Bd7 9. f3 Be7 10. Be3 Nxd4 11. Bxd4 b5 12. Kb1 b4 13. Ne2 e5 14. Be3 Be6 15. g4 h6 16. Qxb4 d5 17. Bc5 Bxc5 18. Qxc5 Rc8 19. Qa3 Qc7 20. Nc3 d4 21. Bxa6 dxc3 22. Bxc8 Bxc8 23. Rd3 cxb2 24. Rhd1 Nd7 25. Qb4 g5 26. Rc3 Qd8 27. Qc4 Ke7 28. Qc6 Rg8 29. Qd6+ Ke8 30. Rc5 1-0

[Event "Autonomico-chT"]
[Site "Aragon"]
[Date "2005.02.12"]
[Round "3.3"]
[White "Llorente Zaro, Alfonso"]
[Black "Baron Rodriguez, Jorge"]
[Result "0-1"]
[WhiteElo "2304"]
[BlackElo "2353"]
[PlyCount "103"]
[EventDate "2005.01.22"]
[EventType "team"]
[EventRounds "12"]
[EventCountry "ESP"]
[SourceTitle "EXT 2006"]
[Source "ChessBase"]
[SourceDate "2005.11.24"]
[SourceVersion "1"]
[SourceVersionDate "2005.11.24"]
[SourceQuality "1"]

1. d4 d5 2. c4 c6 3. cxd5 cxd5 4. Nc3 Nf6 5. Nf3 Nc6 6. g3 Bf5 7. Bg2 e6 8. Nh4 Bg6 9. Nxg6 hxg6 10. 0-0 Bb4 11. Na4 0-0 12. Bg5 Rc8 13. Rc1 Be7 14. e3 Na5 15. Qe2 b6 16. Qb5 Qe8 17. Qxe8 Rfxe8 18. Bxf6 gxf6 19. Bf3 Nc4 20. Be2 b5 21. Nc5 e5 22. Rfe1 exd4 23. exd4 Bxc5 24. dxc5 Nxb2 25. Bxb5 Rxe1+ 26. Rxe1 Rxc5 27. a4 a6 28. Bxa6 Nxa4 29. Re8+ Kg7 30. Rd8 f5 31. Kf1 Kf6 32. Ke2 Ke7 33. Rb8 Ra5 34. Bd3 Nc5 35. Bb1 Kd6 36. h4 Ne6 37. Rb7 Ra1 38. Rb8 Ke5 39. Kd2 Nc5 40. f3 Ra3 41. f4+ Kf6 42. Rb5 Ne6 43. Bd3 Ra2+ 44. Ke3 d4+ 45. Kf3 Ra3 46. Ke2 Rc3 47. Rd5 Rc5 48. Rd7 Rc7 49. Rd5 Ke7 50. h5 Rc5 51. Rxc5 Nxc5 52. hxg6 0-1

[Event "Autonomico-chT"]
[Site "Aragon"]
[Date "2005.02.05"]
[Round "2.7"]
[White "Baron Rodriguez, Jorge"]
[Black "Gutierrez Mingueza, Ruben"]
[Result "1-0"]
[WhiteElo "2353"]
[BlackElo "2084"]
[PlyCount "67"]
[EventDate "2005.01.22"]
[EventType "team"]
[EventRounds "12"]
[EventCountry "ESP"]
[SourceTitle "EXT 2006"]
[Source "ChessBase"]
[SourceDate "2005.11.24"]
[SourceVersion "1"]
[SourceVersionDate "2005.11.24"]
[SourceQuality "1"]

1. e4 c5 2. Nf3 Nc6 3. d4 cxd4 4. Nxd4 Nf6 5. Nc3 e5 6. Ndb5 d6 7. Bg5 a6 8. Na3 b5 9. Bxf6 gxf6 10. Nd5 Bg7 11. Bd3 0-0 12. 0-0 Ne7 13. Nxe7+ Qxe7 14. Qf3 f5 15. exf5 Bb7 16. Be4 d5 17. Bxd5 e4 18. f6 Bxf6 19. Qg4+ Kh8 20. Bxb7 Qxb7 21. c3 Bg7 22. Qf5 Rae8 23. Rad1 Re5 24. Qd7 Qb8 25. Rd5 f5 26. Nc2 f4 27. Nd4 Rxd5 28. Qxd5 Re8 29. Ne6 Be5 30. Ng5 f3 31. Qf7 Bg7 32. Qf5 Kg8 33. Qd5+ Kh8 34. Nf7+ 1-0

[Event "Ardid Memorial op"]
[Site "Zaragoza"]
[Date "2004.04.13"]
[Round "4"]
[White "Baron Rodriguez, Jorge"]
[Black "Perez Candelario, Manuel"]
[Result "0-1"]
[WhiteElo "2368"]
[BlackElo "2499"]
[PlyCount "70"]
[EventDate "2004.04.11"]
[EventType "swiss"]
[EventRounds "9"]
[EventCountry "ESP"]
[SourceTitle "CBM 099 Extra"]
[Source "ChessBase"]
[SourceDate "2004.05.04"]
[SourceVersion "1"]
[SourceVersionDate "2004.05.04"]
[SourceQuality "1"]

1. e4 c5 2. c3 Nf6 3. e5 Nd5 4. d4 cxd4 5. Nf3 e6 6. cxd4 d6 7. a3 Nd7 8. Bd3 dxe5 9. dxe5 Qc7 10. 0-0 Nxe5 11. Nxe5 Qxe5 12. Bb5+ Bd7 13. Bxd7+ Kxd7 14. Qa4+ Kd8 15. Nc3 Bd6 16. g3 Ke7 17. Bd2 Rhd8 18. Qh4+ Nf6 19. Bf4 Qa5 20. Rfe1 Bxf4 21. Qxf4 Kf8 22. Re5 Qc7 23. Rae1 Kg8 24. Qb4 b6 25. Qh4 h6 26. h3 Rd2 27. Qb4 Rad8 28. Nb5 Qc2 29. Qf4 a6 30. Nc3 Qxb2 31. R5e3 b5 32. g4 R2d3 33. Rxd3 Rxd3 34. Ne4 Nxe4 35. Qxe4 Qd4 0-1

[Event "Aragon-chT"]
[Site "Spain"]
[Date "2004.??.??"]
[Round "?"]
[White "Baron Rodriguez, Jorge"]
[Black "Fernandez Lopez, Felix"]
[Result "1-0"]
[WhiteElo "2387"]
[BlackElo "2321"]
[PlyCount "105"]
[EventDate "2004.01.??"]
[EventType "team"]
[EventRounds "11"]
[EventCountry "ESP"]
[SourceTitle "EXT 2006"]
[Source "ChessBase"]
[SourceDate "2005.11.24"]
[SourceVersion "1"]
[SourceVersionDate "2005.11.24"]
[SourceQuality "1"]

1. e4 g6 2. d4 Bg7 3. Nc3 Nc6 4. d5 Nb8 5. Be3 d6 6. Qd2 c6 7. Nf3 Nf6 8. h3 cxd5 9. exd5 Nbd7 10. Bc4 Qc7 11. Qe2 0-0 12. 0-0 a6 13. a4 Re8 14. a5 b5 15. axb6 Nxb6 16. Bb5 Bd7 17. Bxd7 Nfxd7 18. Bd4 Nc4 19. Na4 Ndb6 20. b3 Nxa4 21. Rxa4 Nb6 22. Rxa6 Bxd4 23. Nxd4 Nxd5 24. Rfa1 Rxa6 25. Rxa6 Qb7 26. g3 Nc3 27. Qc4 d5 28. Qc6 Qxc6 29. Nxc6 Kf8 30. Ra7 e5 31. Rc7 d4 32. b4 Nb5 33. Rd7 Na3 34. Rd5 Re6 35. Nxe5 Nxc2 36. b5 Nb4 37. Rxd4 Nc2 38. Rd5 Nb4 39. Rc5 f6 40. Rc8+ Ke7 41. Nc4 Re1+ 42. Kg2 Nd5 43. Kf3 Rb1 44. Rc5 Rb3+ 45. Kg2 Ke6 46. Rc6+ Ke7 47. b6 Rb4 48. h4 f5 49. Kh3 f4 50. gxf4 Nxf4+ 51. Kg4 Nd5 52. Kg5 Rb5 53. Nd6 1-0

[Event "Aragon-chT"]
[Site "Spain"]
[Date "2004.??.??"]
[Round "?"]
[White "Baron Rodriguez, Jorge"]
[Black "Trigo Conde, Isaac"]
[Result "1/2-1/2"]
[WhiteElo "2387"]
[BlackElo "2243"]
[PlyCount "85"]
[EventDate "2004.01.??"]
[EventType "team"]
[EventRounds "11"]
[EventCountry "ESP"]
[SourceTitle "EXT 2006"]
[Source "ChessBase"]
[SourceDate "2005.11.24"]
[SourceVersion "1"]
[SourceVersionDate "2005.11.24"]
[SourceQuality "1"]

1. d4 Nf6 2. c4 e6 3. Nf3 b6 4. g3 Ba6 5. Qa4 Bb7 6. Bg2 c5 7. dxc5 Bxc5 8. 0-0 0-0 9. Nc3 a6 10. Bf4 Nh5 11. e3 Nxf4 12. exf4 Qc7 13. Rad1 Rd8 14. Rfe1 Bf8 15. h4 Nc6 16. Qc2 Rac8 17. f5 h6 18. Ne4 Nb4 19. Qb1 Qxc4 20. Nc3 Nd5 21. Nxd5 Bxd5 22. Ne5 Qc2 23. Bxd5 Qxb1 24. Rxb1 exd5 25. Red1 Rc5 26. b4 Rb5 27. Nd3 d4 28. g4 Bd6 29. Kg2 h5 30. Kf3 hxg4+ 31. Kxg4 g6 32. fxg6 fxg6 33. Re1 Bf8 34. Re4 Bg7 35. a4 Rd5 36. Rc1 Kf7 37. Rc7 Re8 38. f3 Bh6 39. Ra7 a5 40. b5 Bg7 41. Rb7 Rd6 42. Rc7 Rd5 43. Rb7 1/2-1/2

[Event "Aragon-chT"]
[Site "Spain"]
[Date "2004.??.??"]
[Round "?"]
[White "Mediavilla Marti, Pablo"]
[Black "Baron Rodriguez, Jorge"]
[Result "0-1"]
[WhiteElo "1762"]
[BlackElo "2387"]
[PlyCount "85"]
[EventDate "2004.01.??"]
[EventType "team"]
[EventRounds "11"]
[EventCountry "ESP"]
[SourceTitle "EXT 2006"]
[Source "ChessBase"]
[SourceDate "2005.11.24"]
[SourceVersion "1"]
[SourceVersionDate "2005.11.24"]
[SourceQuality "1"]

1. d4 Nf6 2. c4 g6 3. Nc3 Bg7 4. Nf3 0-0 5. Bg5 h6 6. Bf4 d6 7. Qd2 Kh7 8. e4 Nc6 9. h3 e5 10. dxe5 dxe5 11. Qxd8 Rxd8 12. Nxe5 Re8 13. Nxc6 Nxe4 14. Nxe4 Rxe4+ 15. Be3 Bxb2 16. Rd1 Bc3+ 17. Ke2 bxc6 18. Kd3 Rxe3+ 19. fxe3 Bf6 20. Be2 h5 21. Rhf1 Kg7 22. Kc2 Be6 23. e4 Be5 24. Bd3 Kh6 25. Rb1 Kg5 26. Kd2 Kh4 27. Ke3 a5 28. a4 Rd8 29. Be2 Kg3 30. Rf3+ Kh4 31. Rb3 Bd4+ 32. Kd2 Bc5+ 33. Kc2 Bb4 34. Bd3 Rd4 35. e5 Kg5 36. Rxb4 axb4 37. a5 Rd8 38. Kb3 c5 39. Be4 Rd1 40. a6 Ra1 41. Bb7 Kh6 42. Rd3 Ra3+ 43. Kc2 0-1

[Event "Aragon Once op 1st"]
[Site "Zaragoza"]
[Date "2003.09.27"]
[Round "8.2"]
[White "Garza Marco, Sergio"]
[Black "Baron Rodriguez, Jorge"]
[Result "1-0"]
[WhiteElo "2409"]
[BlackElo "2357"]
[PlyCount "61"]
[EventDate "2003.09.20"]
[EventType "swiss"]
[EventRounds "8"]
[EventCountry "ESP"]
[SourceTitle "EXT 2004"]
[Source "ChessBase"]
[SourceDate "2003.11.25"]
[SourceVersion "1"]
[SourceVersionDate "2003.11.25"]
[SourceQuality "1"]

1. g3 f5 2. d4 Nf6 3. Bg2 g6 4. Nf3 Bg7 5. 0-0 0-0 6. c4 d6 7. Nc3 Nc6 8. d5 Na5 9. Qa4 c5 10. dxc6 bxc6 11. c5 dxc5 12. Ne5 Qb6 13. Be3 Be6 14. Nd3 Nd7 15. Qc2 Nc4 16. Bg5 Rfe8 17. Rad1 Bf7 18. Na4 Qb5 19. b3 Na3 20. Qc1 c4 21. Ne1 cxb3 22. axb3 Qxb3 23. Rxd7 Qxa4 24. Bxc6 Qa6 25. Bxa8 Rxa8 26. Rxe7 Nc4 27. Nf3 Qa2 28. Rd1 Rf8 29. Bh6 Bf6 30. Bxf8 Kxf8 31. Rc7 1-0